=LDR 00000nam 2200000 4500 =001 INLIS000000000006916 =005 20130612095010 =008 ***********************************Ind** =035 ##$$0010-061300000006916 =041 ##$$a Ind =082 ##$$a 899 =090 ##$$a 899, Suj f =100 ##$$a Sujiman, Panuti =245 ##$$a Filologi Melayu, Dr. Panuti Sudjiman =260 ##$$a 1995 $b Jakarta =300 ##$$a 134 hlm., 18 cm =650 ##$$a Kesusastraan Melayu =850 ##$$a NBPNMAT